000
00284 a2200121 4500
001
76312
005
20260416120047.0
010
_a
972-710-160-7
090
_a
76312
100
_a
20260416 pory50
200
_a
As origens da Geometria
_f
Michel Serres
210
_c
Terramar
_d
1997
942
_c
MON